[Event "Championnat de la Loire Open"]
[Site "Loire"]
[Date "2004.01.10"]
[Round "1.1"]
[White "Valet, Godeffroy"]
[Black "Langlade, Remi"]
[Result "1-0"]
[WhiteElo "1960"]
[BlackElo "1410"]
[PlyCount "59"]

1. e4 e5 2. f4 d5 3. exd5 Qxd5 4. Nc3 Qe6 5. fxe5 Qxe5+ 6. Be2 Bc5 7. Nf3 Qe7
8. d4 Bb4 9. Bd2 Nf6 10. O-O O-O 11. Bd3 Be6 12. Ne4 Nxe4 13. Bxe4 c6 14. c3
Bd6 15. Ng5 g6 16. Nxe6 Qxe6 17. Bd3 Nd7 18. Bh6 Rfe8 19. Qf3 c5 20. Rae1 Qxa2
21. c4 f6 22. Qd5+ Kh8 23. Qxd6 Rxe1 24. Rxe1 Qxb2 25. Qxd7 Qxd4+ 26. Qxd4 cxd4
27. Re7 a5 28. c5 a4 29. Bg7+ Kg8 30. Bc4# 1-0

[Event "Championnat de la Loire Open"]
[Site "Loire"]
[Date "2004.01.10"]
[Round "1.2"]
[White "Brachet, Gerard"]
[Black "Barnes, Pierrick"]
[Result "1-0"]
[WhiteElo "1350"]
[BlackElo "1930"]
[PlyCount "103"]

1. d4 Nf6 2. c4 e6 3. Nc3 Bb4 4. Bd2 O-O 5. e4 Bxc3 6. Bxc3 Nxe4 7. Qc2 Nxc3 8.
Qxc3 Nc6 9. Be2 Qf6 10. Nf3 Re8 11. O-O d6 12. Rad1 Bd7 13. Bd3 Ne7 14. Qc2 h6
15. b4 Bc6 16. Be4 d5 17. Bh7+ Kh8 18. b5 Bd7 19. Ne5 Bc8 20. Bd3 c6 21. c5 Rd8
22. a4 Bd7 23. Qb2 Rab8 24. b6 a6 25. Qe2 Ra8 26. Qh5 Be8 27. Bc2 Ng6 28. Ng4
Nf4 29. Nxf6 Nxh5 30. Nxh5 f6 31. Nf4 Bf7 32. Bg6 Kg8 33. Bxf7+ Kxf7 34. Rfe1
Re8 35. Re3 Re7 36. h4 e5 37. dxe5 fxe5 38. Nh5 Kg6 39. g4 Rf8 40. f4 e4 41.
f5+ Kh7 42. Rf1 Ref7 43. Nf4 Kg8 44. Ne6 Re8 45. h5 Kh8 46. g5 hxg5 47. Nxg5
Rf6 48. Rf4 Re5 49. Kg2 Rfxf5 50. Rxf5 Rxf5 51. Rg3 Re5 52. Nf7+ 1-0

[Event "Championnat de la Loire Open"]
[Site "Loire"]
[Date "2004.01.10"]
[Round "1.3"]
[White "Vier, Serge"]
[Black "Carrot, Axel"]
[Result "1-0"]
[WhiteElo "1730"]
[BlackElo "1350"]
[PlyCount "51"]

1. d4 d5 2. c4 dxc4 3. Nf3 Nf6 4. e3 Bf5 5. Bxc4 e6 6. O-O Bd6 7. Nc3 O-O 8.
Qe2 Bg6 9. Rd1 Bh5 10. e4 Be7 11. Bf4 Qc8 12. Rac1 Nbd7 13. e5 Ne8 14. d5 exd5
15. Nxd5 Bc5 16. b4 Bb6 17. Ne7+ Kh8 18. Nxc8 Rxc8 19. Rxd7 f6 20. e6 g5 21.
Bg3 f5 22. Be5+ Kg8 23. e7+ Bf7 24. exf8=Q+ Kxf8 25. Rxf7+ Kg8 26. Rxf5# 1-0

[Event "Championnat de la Loire Open"]
[Site "Loire"]
[Date "2004.01.10"]
[Round "1.4"]
[White "Gerey, Jean-Pierre"]
[Black "Roche, Marius"]
[Result "0-1"]
[WhiteElo "1330"]
[BlackElo "1700"]
[PlyCount "120"]

1. e4 g6 2. d4 Bg7 3. Nf3 d6 4. Nc3 a6 5. Bd3 b5 6. Be3 Bb7 7. a3 Nd7 8. Qd2 c5
9. dxc5 Nxc5 10. Bxc5 dxc5 11. b3 b4 12. axb4 cxb4 13. Na2 Bxa1 14. Qxb4 Qc7
15. c3 Rc8 16. Qa4+ Kf8 17. Qc4 Qxc4 18. bxc4 Bb2 19. O-O Ba3 20. Rb1 Rc7 21.
Nd2 Nf6 22. h3 Kg7 23. e5 Nd7 24. f4 Nc5 25. Be2 Rd8 26. Nf3 Ne6 27. g3 Bc5+
28. Kg2 Rd2 29. Nc1 g5 30. Rxb7 Rxb7 31. Nxd2 gxf4 32. Kf3 Be3 33. Ndb3 h5 34.
gxf4 Bxf4 35. h4 Bxe5 36. Ke4 Bxc3 37. Bxh5 Rc7 38. Be2 Bf6 39. h5 Ng5+ 40. Kd5
Ne6 41. c5 Nf4+ 42. Kc4 e5 43. Kb4 Be7 44. Bxa6 Nxh5 45. Kb5 Bd8 46. Nd3 e4 47.
Nb4 Nf6 48. c6 e3 49. Kb6 e2 50. Bxe2 Re7+ 51. c7 Bxc7+ 52. Kc6 Rxe2 53. Kxc7
Rb2 54. Nd4 Rxb4 55. Nf5+ Kg6 56. Ne7+ Kg5 57. Kd6 Ne4+ 58. Ke5 f6+ 59. Ke6
Rb6+ 60. Kd5 f5 0-1

[Event "Championnat de la Loire Open"]
[Site "Loire"]
[Date "2004.01.10"]
[Round "1.5"]
[White "Gaillard, Pierre"]
[Black "Conesa, Antoine"]
[Result "1-0"]
[WhiteElo "1690"]
[BlackElo "1320"]
[PlyCount "107"]

1. e4 e5 2. Nc3 Nf6 3. Bc4 c6 4. Nf3 d6 5. d3 h6 6. h3 a5 7. a4 Nbd7 8. Be3 Nb6
9. Ba2 Be7 10. O-O Qc7 11. Qe2 d5 12. exd5 cxd5 13. Bxb6 Qxb6 14. Nxd5 Nxd5 15.
Bxd5 Be6 16. Bxe6 Qxe6 17. Qxe5 O-O 18. Qxe6 fxe6 19. Rfe1 Rf6 20. c3 Raf8 21.
d4 Rg6 22. Ne5 Rg5 23. Re4 Bd6 24. Rae1 Bxe5 25. dxe5 Rgf5 26. f3 Rg5 27. Kf2
Rgf5 28. Rd1 R5f7 29. Rd6 Re7 30. Ke3 g6 31. b4 Rc8 32. Kd3 Ra8 33. Red4 Ree8
34. Rc4 Kf8 35. b5 Rab8 36. Rc7 Re7 37. b6 Ke8 38. Ke4 Rxc7 39. bxc7 Rc8 40.
Rxe6+ Kf7 41. Rf6+ Kg7 42. c4 Rxc7 43. Kd5 h5 44. Rd6 Kf7 45. f4 Re7 46. g4 h4
47. c5 Kg7 48. c6 bxc6+ 49. Kxc6 Kf8 50. Rxg6 Rf7 51. g5 Rxf4 52. Rf6+ Rxf6+
53. gxf6 Kf7 54. Kb5 1-0

[Event "Championnat de la Loire Open"]
[Site "Loire"]
[Date "2004.01.10"]
[Round "1.6"]
[White "Desassis, Jean-Francois"]
[Black "Desassis, Gregoire"]
[Result "1/2-1/2"]
[WhiteElo "1320"]
[BlackElo "1660"]
[PlyCount "31"]

1. Nf3 d5 2. g3 Nc6 3. Bg2 e5 4. d3 Bf5 5. O-O Be7 6. e4 dxe4 7. dxe4 Bxe4 8.
Qxd8+ Rxd8 9. Nc3 Bxc2 10. Nb5 e4 11. Ne1 Bd3 12. Nxd3 exd3 13. Nxc7+ Kd7 14.
Bf4 g5 15. Bh3+ g4 16. Bxg4+ 1/2-1/2

[Event "Championnat de la Loire Open"]
[Site "Loire"]
[Date "2004.01.10"]
[Round "1.7"]
[White "Doran, Niall"]
[Black "Bruyas, Benjamin"]
[Result "1-0"]
[WhiteElo "1640"]
[BlackElo "1310"]
[PlyCount "63"]

1. e4 e6 2. b3 Nc6 3. Bb2 Nf6 4. Nc3 Bb4 5. Nf3 e5 6. Nd5 Nxe4 7. Nxb4 Nxb4 8.
a3 Nc6 9. Qe2 d5 10. d3 Ng5 11. Nxe5 O-O 12. Nxc6 bxc6 13. O-O-O Re8 14. Qd2
Bg4 15. f3 Nxf3 16. gxf3 Bxf3 17. Rg1 d4 18. Re1 c5 19. Bg2 Bxg2 20. Qxg2 g6
21. Re2 Qd7 22. Rge1 a5 23. Qg5 Qd6 24. Rxe8+ Rxe8 25. Rxe8+ Kg7 26. Qe5+ Qxe5
27. Rxe5 Kf6 28. Rxc5 g5 29. Bxd4+ Kg6 30. Rxa5 f5 31. Rc5 Kh5 32. Rxf5 1-0

[Event "Championnat de la Loire Open"]
[Site "Loire"]
[Date "2004.01.10"]
[Round "1.8"]
[White "Vinot, Alexandre"]
[Black "Simon, Joel"]
[Result "0-1"]
[WhiteElo "1310"]
[BlackElo "1620"]
[PlyCount "54"]

1. e4 d6 2. Nf3 c5 3. Bb5+ Bd7 4. Bc4 Nf6 5. Ng5 e6 6. Nc3 Nc6 7. d3 Be7 8. O-O
a6 9. Be3 b5 10. Bb3 b4 11. Na4 Ne5 12. Bf4 Qa5 13. c3 O-O 14. Bxe5 dxe5 15. g3
Rad8 16. Re1 Bxa4 17. Bxa4 c4 18. Re3 h6 19. Nf3 cxd3 20. a3 bxc3 21. bxc3 Nh5
22. Rxd3 Rxd3 23. Qc2 Rxf3 24. Rd1 Rxf2 25. Qd3 Qc5 26. h3 Rh2+ 27. Kf1 Qf2#
0-1

[Event "Championnat de la Loire Open"]
[Site "Loire"]
[Date "2004.01.10"]
[Round "1.9"]
[White "Doucet, Medhi"]
[Black "Bonnet, Mickael"]
[Result "1-0"]
[WhiteElo "1600"]
[BlackElo "1299"]
[PlyCount "121"]

1. c4 Nf6 2. Nc3 g6 3. e4 e5 4. d3 Bg7 5. Nf3 Nc6 6. Bg5 h6 7. Bxf6 Bxf6 8. Nd5
O-O 9. Qd2 h5 10. a3 Nd4 11. Nxd4 exd4 12. Qf4 Bg5 13. Qxc7 Qxc7 14. Nxc7 Rb8
15. Nb5 a6 16. Nc7 d6 17. Be2 Bg4 18. Bxg4 hxg4 19. O-O Rbc8 20. Nd5 b5 21. b3
bxc4 22. bxc4 a5 23. Rab1 Rb8 24. Rb5 Rxb5 25. cxb5 a4 26. g3 f5 27. Re1 Bd8
28. b6 Bxb6 29. Nxb6 Rb8 30. Nxa4 Rb3 31. Rd1 Rxa3 32. Nb2 fxe4 33. dxe4 Rb3
34. Nc4 d5 35. exd5 d3 36. Ne5 d2 37. Rxd2 Rb1+ 38. Kg2 Re1 39. Nxg4 Kf7 40. d6
Ke8 41. Nf6+ Kd8 42. Rb2 Rc1 43. Rb8+ Rc8 44. Rxc8+ Kxc8 45. d7+ Kd8 46. Kh3
Ke7 47. Kg4 Kd8 48. h4 Ke7 49. f4 Kd8 50. Kg5 Ke7 51. Kxg6 Kd8 52. Kf7 Kc7 53.
Ke7 Kc6 54. d8=Q Kc5 55. Qd5+ Kb4 56. Kd6 Kc3 57. Ne4+ Kc2 58. Qc4+ Kd1 59. Qa2
Kc1 60. Kc5 Kd1 61. Qd2# 1-0

[Event "Championnat de la Loire Open"]
[Site "Loire"]
[Date "2004.01.10"]
[Round "1.10"]
[White "Bonnevialle, Benjamin"]
[Black "Farge, Damien"]
[Result "0-1"]
[WhiteElo "1299"]
[BlackElo "1600"]
[PlyCount "54"]

1. e4 c5 2. Nf3 d6 3. Nc3 Nf6 4. g3 g6 5. Bg2 Bg7 6. Qe2 O-O 7. O-O Nc6 8. b3
Nb4 9. d4 cxd4 10. Nxd4 b6 11. Ba3 Ba6 12. Ncb5 Nd7 13. Qc4 Nxc2 14. Nc6 Nxa3
15. Qc1 Rc8 16. Nxa3 Bxf1 17. Nxd8 Rxc1 18. Rxc1 Bxg2 19. Rc7 Bxe4 20. Rxd7 Bf5
21. Rxe7 Rxd8 22. Rxa7 d5 23. Nb5 d4 24. Nc7 d3 25. a4 d2 26. a5 d1=Q+ 27. Kg2
bxa5 0-1

[Event "Championnat de la Loire Open"]
[Site "Loire"]
[Date "2004.01.10"]
[Round "1.11"]
[White "Pareux, Marc"]
[Black "Chalendar, Antoine"]
[Result "1-0"]
[WhiteElo "1540"]
[BlackElo "1299"]
[PlyCount "33"]

1. d4 d5 2. e4 Nf6 3. Nc3 Nxe4 4. Nxe4 dxe4 5. f3 exf3 6. Nxf3 e6 7. Bd3 Bd6 8.
O-O O-O 9. Bxh7+ Kxh7 10. Ng5+ Kg6 11. Nxf7 Qh4 12. Qd3+ Kh5 13. Qh7+ Kg4 14.
Qxg7+ Kh5 15. Qh6+ Kg4 16. Qg6+ Qg5 17. Qxg5# 1-0

[Event "Championnat de la Loire Open"]
[Site "Loire"]
[Date "2004.01.10"]
[Round "1.12"]
[White "Debernardi, Hippolyte"]
[Black "Gidon, Rene"]
[Result "0-1"]
[WhiteElo "1290"]
[BlackElo "1530"]
[PlyCount "46"]

1. e4 e5 2. Nf3 Nc6 3. d4 exd4 4. Nxd4 Bc5 5. Be3 Qf6 6. c3 d6 7. Bb5 Nge7 8.
O-O Bd7 9. b4 Bb6 10. a4 a6 11. Bxc6 Nxc6 12. Nxc6 Bxc6 13. Bxb6 cxb6 14. c4
Qxa1 15. Qxd6 Rd8 16. Qe5+ Qxe5 17. f4 Qxe4 18. Rf3 Qxb1+ 19. Kf2 Rd2+ 20. Kg3
Qg6+ 21. Kh3 Qxg2+ 22. Kh4 Bxf3 23. b5 Qg4# 0-1

[Event "Championnat de la Loire Open"]
[Site "Loire"]
[Date "2004.01.10"]
[Round "1.14"]
[White "Vinot, Sebastien"]
[Black "Trottet, Francois"]
[Result "0-1"]
[WhiteElo "1220"]
[BlackElo "1500"]
[PlyCount "76"]

1. e4 c5 2. Nf3 d6 3. Nc3 a6 4. d4 cxd4 5. Qxd4 Nc6 6. Qd1 Nf6 7. Bc4 e6 8. Bg5
Be7 9. O-O b5 10. Nxb5 axb5 11. Bxb5 Qc7 12. e5 Nd5 13. Nd4 Bd7 14. Bxe7 dxe5
15. Nxe6 Bxe6 16. Bg5 O-O 17. Qf3 f6 18. Bh4 Nd4 19. Qd3 Nxb5 20. Qxb5 Rab8 21.
Qd3 Nb4 22. Qe2 Bc4 23. Qd2 Bxf1 24. Rxf1 Nxc2 25. Rc1 Rxb2 26. Qd5+ Kh8 27.
Qe4 Rd8 28. Qe2 Rxa2 29. Bg3 Qc3 30. Qb5 Rda8 31. Rb1 h6 32. Qf1 Ra1 33. f3
Rxb1 34. Qxb1 Ra1 35. Qf1 Rxf1+ 36. Kxf1 Ne3+ 37. Kg1 Qc2 38. Bf2 Qd1+ 0-1

[Event "Championnat de la Loire Open"]
[Site "Loire"]
[Date "2004.01.10"]
[Round "1.15"]
[White "Doucet, Henri"]
[Black "Gerey, Bernard"]
[Result "1-0"]
[WhiteElo "1499"]
[BlackElo "1210"]
[PlyCount "85"]

1. d4 d5 2. Nf3 e6 3. e3 c5 4. dxc5 Bxc5 5. Bb5+ Bd7 6. Bxd7+ Nxd7 7. O-O Ngf6
8. c3 O-O 9. Re1 Qb6 10. Nbd2 Rfe8 11. Qb3 Qc7 12. e4 dxe4 13. Nxe4 Ne5 14.
Nxe5 Qxe5 15. Qc2 Bd6 16. g3 Bc5 17. Bf4 Qf5 18. Nxf6+ Qxf6 19. Be3 Bxe3 20.
Rxe3 Qf5 21. Qxf5 exf5 22. Rxe8+ Rxe8 23. Kf1 g5 24. Re1 Rd8 25. Rc1 b5 26. Rc2
Rd1+ 27. Kg2 Rb1 28. b3 Ra1 29. c4 Re1 30. c5 Re8 31. c6 Rc8 32. c7 Kf8 33. Kf3
Ke7 34. g4 fxg4+ 35. Kxg4 Kd7 36. Kxg5 Rxc7 37. Rxc7+ Kxc7 38. Kf6 Kb6 39. f4
a5 40. Kxf7 Kc5 41. f5 Kd6 42. Kg7 Ke5 43. f6 1-0

[Event "Championnat de la Loire Open"]
[Site "Loire"]
[Date "2004.01.10"]
[Round "1.16"]
[White "Veyrat, Gerard"]
[Black "Gregoire, Michele"]
[Result "0-1"]
[WhiteElo "1210"]
[BlackElo "1499"]
[PlyCount "74"]

1. d4 d5 2. c4 e6 3. e3 Nf6 4. Nc3 c6 5. Bd3 Nbd7 6. Nf3 c5 7. cxd5 exd5 8.
dxc5 Nxc5 9. Bb5+ Bd7 10. Bxd7+ Qxd7 11. Ne5 Qe6 12. Qd4 a6 13. O-O Bd6 14. Nf3
O-O 15. Ng5 Qe5 16. Qxe5 Bxe5 17. f4 Bxc3 18. bxc3 Nfe4 19. Nxe4 Nxe4 20. Ba3
Rfe8 21. Rfc1 Rac8 22. Bb4 b6 23. Rd1 Red8 24. Rac1 a5 25. Be7 Rd7 26. Ba3 b5
27. Rd4 f5 28. Bb2 Rcc7 29. Rcd1 Nf6 30. Kf2 Ng4+ 31. Ke2 h5 32. h3 Nf6 33. Kf3
h4 34. g3 hxg3 35. Kxg3 Ne4+ 36. Kh4 g6 37. Rxd5 Rh7# 0-1

[Event "Championnat de la Loire Open"]
[Site "Loire"]
[Date "2004.01.10"]
[Round "1.17"]
[White "Gregoire, Patrick"]
[Black "Barbier, Thomas"]
[Result "1-0"]
[WhiteElo "1499"]
[BlackElo "1199"]
[PlyCount "95"]

1. e4 d5 2. exd5 Qxd5 3. Nc3 Qd8 4. d4 Bf5 5. Nf3 e6 6. Bd3 Bxd3 7. Qxd3 Bd6 8.
O-O Nf6 9. Re1 O-O 10. Ng5 g6 11. Qh3 Nh5 12. g4 f6 13. Nxe6 Qe7 14. gxh5 gxh5
15. Bh6 Rf7 16. Qg3+ Bxg3 17. hxg3 Nc6 18. a3 Qd7 19. d5 Ne5 20. Re3 c6 21. Rd1
cxd5 22. Rxd5 Qxe6 23. f4 f5 24. Bg5 h6 25. Rdxe5 Qb6 26. Nd5 Qc6 27. Ne7+ Rxe7
28. Bxe7 Qxc2 29. Re2 Qc1+ 30. Kf2 Rc8 31. Rd5 Qc7 32. b4 Re8 33. Rde5 Qb6+ 34.
Bc5 Qd8 35. Rxe8+ Qxe8 36. Rxe8+ Kg7 37. Bxa7 b5 38. Re5 Kg6 39. Rxb5 Kf6 40.
Bd4+ Ke6 41. a4 Kf7 42. a5 Ke6 43. a6 Kf7 44. a7 Ke6 45. a8=Q Ke7 46. Rb6 Kf7
47. Qa7+ Kf8 48. Rb8# 1-0

[Event "Championnat de la Loire Open"]
[Site "Loire"]
[Date "2004.01.10"]
[Round "1.18"]
[White "Borron, Herve"]
[Black "Vaughan, Luiz"]
[Result "1/2-1/2"]
[WhiteElo "1190"]
[BlackElo "1499"]
[PlyCount "47"]

1. e4 d6 2. d4 e6 3. Nf3 Nc6 4. Bb5 Bd7 5. Nc3 Nge7 6. O-O g6 7. Bg5 Bg7 8. d5
Ne5 9. Nxe5 Bxe5 10. Bxd7+ Qxd7 11. Qd2 O-O 12. Nd1 f5 13. exf5 Rxf5 14. dxe6
Qxe6 15. f4 Bg7 16. Re1 Qd5 17. Qe2 Qc5+ 18. Kh1 Nd5 19. Qe6+ Kf8 20. Be7+ Nxe7
21. Qxe7+ Kg8 22. Qh4 Bd4 23. c3 Bf6 24. Qg3 1/2-1/2

[Event "Championnat de la Loire Open"]
[Site "Loire"]
[Date "2004.01.10"]
[Round "1.19"]
[White "Volay, Pascal"]
[Black "Megnot, Philippe"]
[Result "0-1"]
[WhiteElo "1499"]
[BlackElo "1150"]
[PlyCount "50"]

1. e4 d5 2. exd5 Qxd5 3. Nc3 Qa5 4. d4 c6 5. Bd2 e6 6. Nf3 Be7 7. Bd3 Nf6 8. h3
Nbd7 9. Ne4 Qc7 10. Nxf6+ Nxf6 11. Qe2 Nd5 12. c4 Nb4 13. O-O Nxd3 14. Qxd3 O-O
15. Rfe1 b6 16. a3 Bb7 17. b4 Rad8 18. c5 Rd5 19. Re5 Rfd8 20. Rae1 Bf6 21.
Rxd5 Rxd5 22. Ne5 Qd8 23. Bf4 Rxd4 24. Qg3 Qd5 25. cxb6 axb6 {
26.h5 impossible !} 0-1

[Event "Championnat de la Loire Open"]
[Site "Loire"]
[Date "2004.01.10"]
[Round "1.20"]
[White "Goudet, Maxence"]
[Black "Campoy, Jean"]
[Result "1-0"]
[WhiteElo "1090"]
[BlackElo "1440"]
[PlyCount "95"]

1. e4 e5 2. Nf3 Nc6 3. d4 exd4 4. Nxd4 d6 5. Bb5 Bd7 6. Bxc6 Bxc6 7. Nxc6 bxc6
8. O-O Be7 9. Be3 Nf6 10. Nc3 O-O 11. Qe2 Nd7 12. Qg4 Ne5 13. Qe2 Bf6 14. f4
Ng6 15. f5 Ne5 16. Bf4 Rb8 17. Rab1 Qc8 18. Bxe5 Bxe5 19. Qc4 Qe8 20. Qa6 Bxc3
21. bxc3 Rxb1 22. Rxb1 Qxe4 23. Qxa7 Qxf5 24. Rb8 g6 25. Rxf8+ Kxf8 26. Qxc7
Qc5+ 27. Kf1 d5 28. Qg3 Qc4+ 29. Ke1 c5 30. Kd2 h5 31. a4 d4 32. a5 Qb5 33.
cxd4 Qxa5+ 34. Qc3 Qxc3+ 35. Kxc3 cxd4+ 36. Kxd4 Ke7 37. c4 f5 38. Kd5 Kd7 39.
c5 f4 40. Ke5 g5 41. Kf5 f3 42. gxf3 g4 43. fxg4 hxg4 44. Kxg4 Kc6 45. h4 Kxc5
46. Kg5 Kd6 47. Kg6 Ke7 48. Kg7 1-0

[Event "Championnat de la Loire Open"]
[Site "Loire"]
[Date "2004.01.10"]
[Round "1.21"]
[White "Gidrol, Thibault"]
[Black "Oriol, Nicolas"]
[Result "1-0"]
[WhiteElo "1440"]
[BlackElo "1090"]
[PlyCount "77"]

1. e4 e5 2. Nf3 Nc6 3. Bb5 Bc5 4. Bxc6 Nf6 5. d4 Bb4+ 6. c3 Bd6 7. Bb5 O-O 8.
O-O Nxe4 9. dxe5 Be7 10. Be3 d6 11. Qd3 d5 12. Nbd2 f5 13. Nxe4 fxe4 14. Qe2 a6
15. Nd4 axb5 16. Nxb5 c6 17. Nd4 c5 18. Nb5 Ra5 19. b4 cxb4 20. cxb4 Ra3 21.
Nxa3 d4 22. Bd2 d3 23. Qxe4 Bf5 24. Qc4+ Rf7 25. Rae1 Bd7 26. e6 b5 27. Nxb5
Bxe6 28. Qxe6 Qf8 29. Rc1 h6 30. Rc8 Bd8 31. Qd5 Bb6 32. Rxf8+ Kh7 33. Qxd3+ g6
34. Rxf7+ Kh8 35. Qd8+ Bxd8 36. Re1 Be7 37. Rexe7 Kg8 38. Ra7 Kh8 39. Rf8# 1-0

[Event "Championnat de la Loire Open"]
[Site "Loire"]
[Date "2004.01.10"]
[Round "1.22"]
[White "Charron, Arthur"]
[Black "Desassis, Maxence"]
[Result "0-1"]
[WhiteElo "1010"]
[BlackElo "1430"]
[PlyCount "64"]

1. e4 c6 2. Nf3 d5 3. exd5 cxd5 4. Bb5+ Nc6 5. Ng5 e5 6. Qf3 Qxg5 7. Qxd5 Nge7
8. Qf3 Bg4 9. Qd3 Rd8 10. Qb3 Be6 11. Qa3 Qxg2 12. Rf1 Qe4+ 13. Qe3 Qb4 14. a4
Nd5 15. Qb3 Qe4+ 16. Kd1 Ne3+ 17. Ke2 Nxc2+ 18. Kd1 Bxb3 19. d3 Nxa1+ 20. Kd2
Bb4+ 21. Nc3 a6 22. f3 Qf4+ 23. Ke2 Qxh2+ 24. Rf2 Qg1 25. Rf1 Qd4 26. Bxc6+
bxc6 27. Be3 Qxd3+ 28. Kf2 Qc2+ 29. Ne2 Bc4 30. Rxa1 Qxe2+ 31. Kg3 Be1+ 32. Kh3
Be6# 0-1

[Event "Championnat de la Loire Open"]
[Site "Loire"]
[Date "2004.01.10"]
[Round "2.1"]
[White "Trottet, Francois"]
[Black "Valet, Godeffroy"]
[Result "0-1"]
[WhiteElo "1500"]
[BlackElo "1960"]
[PlyCount "54"]

1. d4 e6 2. e4 d5 3. Nc3 Bb4 4. e5 c5 5. a3 cxd4 6. axb4 dxc3 7. bxc3 Qc7 8.
Qd4 Nc6 9. Bb5 Nge7 10. Nf3 O-O 11. Bxc6 Nxc6 12. Qe3 b6 13. O-O Bb7 14. Bd2
Ne7 15. Nd4 Ng6 16. f4 Qc4 17. Qf3 Ne7 18. h4 Nc6 19. Qe3 Nxd4 20. Qxd4 Qe2 21.
f5 Rfc8 22. Rf2 Qh5 23. fxe6 fxe6 24. Raf1 Rc4 25. Qe3 Rxh4 26. g3 Rh1+ 27. Kg2
d4+ 0-1

[Event "Championnat de la Loire Open"]
[Site "Loire"]
[Date "2004.01.10"]
[Round "2.2"]
[White "Gregoire, Michele"]
[Black "Vier, Serge"]
[Result "0-1"]
[WhiteElo "1499"]
[BlackElo "1730"]
[PlyCount "96"]

1. d4 d5 2. g3 Nf6 3. Bg2 e6 4. e3 c5 5. Ne2 Nc6 6. O-O Bd7 7. b3 Rc8 8. Ba3 b6
9. dxc5 Bxc5 10. Bxc5 bxc5 11. Nbc3 O-O 12. Na4 Qe7 13. c4 Nb4 14. a3 Bxa4 15.
axb4 Bc6 16. b5 Ba8 17. Ra6 Rfd8 18. Nf4 dxc4 19. Qc2 Bxg2 20. Nxg2 cxb3 21.
Qxb3 c4 22. Qc2 Qc5 23. Rb1 Nd5 24. Ra4 Rc7 25. Rxc4 Qxc4 26. Qxc4 Rxc4 27. h4
Rdc8 28. Kh2 Rb4 29. Ra1 Rxb5 30. Rxa7 g6 31. e4 Nc3 32. Nf4 Nxe4 33. f3 Rb2+
34. Ng2 Rcc2 35. fxe4 h5 36. Ra1 Rxg2+ 37. Kh1 Rh2+ 38. Kg1 Rbg2+ 39. Kf1 Rxg3
40. Re1 Rh1+ 41. Kf2 Rxe1 42. Kxg3 Kg7 43. Kf3 Kf6 44. Kf4 e5+ 45. Kf3 g5 46.
hxg5+ Kxg5 47. Kf2 Rxe4 48. Kf3 Ra4 0-1

[Event "Championnat de la Loire Open"]
[Site "Loire"]
[Date "2004.01.10"]
[Round "2.3"]
[White "Roche, Marius"]
[Black "Doucet, Henri"]
[Result "1-0"]
[WhiteElo "1700"]
[BlackElo "1499"]
[PlyCount "63"]

1. d4 e6 2. e4 Nf6 3. Nc3 Bb4 4. Bd3 d5 5. e5 Ne4 6. Bxe4 dxe4 7. a3 Bxc3+ 8.
bxc3 O-O 9. Nh3 h6 10. Qg4 f5 11. Qg3 Qe7 12. Bxh6 Nd7 13. Nf4 Rf7 14. Ng6 Qe8
15. Bd2 c5 16. Qh4 Rf8 17. Qh8+ Kf7 18. Nxf8 Nxf8 19. Qh5+ Ng6 20. f3 exf3 21.
Qxf3 Rb8 22. O-O b6 23. d5 Nxe5 24. Qh5+ Ng6 25. Rae1 Qh8 26. Qe2 Nf8 27. c4
Bd7 28. Qe5 Ng6 29. Qc7 Qc8 30. dxe6+ Kg8 31. Qxd7 Qxd7 32. exd7 1-0

[Event "Championnat de la Loire Open"]
[Site "Loire"]
[Date "2004.01.10"]
[Round "2.4"]
[White "Desassis, Maxence"]
[Black "Gaillard, Pierre"]
[Result "0-1"]
[WhiteElo "1430"]
[BlackElo "1690"]
[PlyCount "112"]

1. e4 c5 2. c4 Nc6 3. Nf3 d6 4. d4 cxd4 5. Nxd4 e6 6. Nc3 Nf6 7. Ncb5 a6 8.
Nxc6 bxc6 9. Nc3 Be7 10. Be3 O-O 11. Na4 Qa5+ 12. Bd2 Qe5 13. Bd3 d5 14. O-O
dxe4 15. Bc3 Qc7 16. Bxf6 Bxf6 17. Bxe4 Rb8 18. Qh5 g6 19. Qe2 c5 20. Rab1 Bb7
21. Bxb7 Rxb7 22. Qe3 Bd4 23. Qf3 Rb4 24. Qd1 Rfb8 25. Qc2 Qf4 26. a3 Rb3 27.
Nc3 Bxc3 28. bxc3 Rxb1 29. Rxb1 Rxb1+ 30. Qxb1 Qxc4 31. Qb8+ Kg7 32. Qe5+ f6
33. Qe3 e5 34. g3 a5 35. a4 h5 36. f4 e4 37. h4 f5 38. Kh2 Kf7 39. Kg2 Ke6 40.
Kf2 Kd5 41. Qd2+ Qd3 42. Qxd3+ exd3 43. Ke3 c4 44. Kf3 d2 45. Ke2 Ke4 46. Kxd2
Kf3 47. Ke1 Kxg3 48. Kf1 Kxf4 49. Kf2 Kg4 50. Kg2 Kxh4 51. Kf3 g5 52. Ke3 Kg3
53. Kd4 h4 54. Kxc4 h3 55. Kb5 h2 56. c4 h1=Q 0-1

[Event "Championnat de la Loire Open"]
[Site "Loire"]
[Date "2004.01.10"]
[Round "2.5"]
[White "Mialon, Franck"]
[Black "Doran, Niall"]
[Result "0-1"]
[WhiteElo "1290"]
[BlackElo "1640"]
[PlyCount "30"]

1. e4 e6 2. d4 d5 3. Nf3 c5 4. dxc5 Bxc5 5. Bb5+ Bd7 6. Bxd7+ Qxd7 7. O-O dxe4
8. Ne5 Qc7 9. Bf4 Bd6 10. Nxf7 Bxf4 11. Nxh8 Bxh2+ 12. Kh1 Be5 13. Nc3 g6 14.
Nb5 Qe7 15. c4 Qh4+ 0-1

[Event "Championnat de la Loire Open"]
[Site "Loire"]
[Date "2004.01.10"]
[Round "2.6"]
[White "Simon, Joel"]
[Black "Gregoire, Patrick"]
[Result "1-0"]
[WhiteElo "1620"]
[BlackElo "1499"]
[PlyCount "33"]

1. d4 d5 2. e4 e6 3. Bd3 Be7 4. e5 Nc6 5. c3 a5 6. Qg4 g6 7. Ne2 Nh6 8. Bxh6
Rg8 9. O-O g5 10. f4 f6 11. fxg5 fxe5 12. Bxh7 Rh8 13. Bg6+ Kd7 14. Bf7 Rxh6
15. gxh6 Nxd4 16. cxd4 Ra6 17. Bxe6+ 1-0

[Event "Championnat de la Loire Open"]
[Site "Loire"]
[Date "2004.01.10"]
[Round "2.7"]
[White "Megnot, Philippe"]
[Black "Doucet, Medhi"]
[Result "0-1"]
[WhiteElo "1150"]
[BlackElo "1600"]
[PlyCount "100"]

1. e4 e5 2. Nf3 Nc6 3. Nc3 Nf6 4. Bc4 Bc5 5. h3 O-O 6. d3 Bd4 7. Nd5 Nxd5 8.
Bxd5 d6 9. O-O Be6 10. c3 Bb6 11. c4 Bxd5 12. cxd5 Nd4 13. Nxd4 Bxd4 14. Rb1 f6
15. Qg4 Qc8 16. Qg3 Kh8 17. Re1 f5 18. Be3 f4 19. Bxf4 Rxf4 20. Re2 Qf8 21. Rf1
Qe7 22. Kh1 Raf8 23. f3 Qh4 24. Qh2 g5 25. g3 Qh5 26. gxf4 Rxf4 27. Rg2 h6 28.
Rg3 Rf6 29. Qg2 Rf7 30. Rc1 Rg7 31. b3 Qg6 32. h4 Qf6 33. Qh3 Kh7 34. Rc2 Be3
35. Rcg2 Bf4 36. Rg4 Rg6 37. Rc2 Qe7 38. Qg2 h5 39. Rxg5 Bxg5 40. hxg5 Rxg5 41.
Qh3 Qg7 42. Rg2 Rxg2 43. Qxg2 Qxg2+ 44. Kxg2 Kg6 45. Kg3 Kg5 46. a4 h4+ 47. Kh3
Kf4 48. Kxh4 Kxf3 49. Kg5 Ke3 50. Kf5 Kxd3 0-1

[Event "Championnat de la Loire Open"]
[Site "Loire"]
[Date "2004.01.10"]
[Round "2.8"]
[White "Farge, Damien"]
[Black "Gidrol, Thibault"]
[Result "1-0"]
[WhiteElo "1600"]
[BlackElo "1440"]
[PlyCount "77"]

1. e4 e5 2. Nf3 d6 3. d4 Nc6 4. d5 Nb4 5. a3 Na6 6. Nc3 Nf6 7. Bb5+ c6 8. dxc6
bxc6 9. Bxc6+ Bd7 10. Bxa8 Qxa8 11. Qe2 Nc5 12. Nd5 Qb7 13. Nxf6+ gxf6 14. Nd2
Bh6 15. f3 Bg7 16. Nc4 O-O 17. Nxd6 Qb6 18. Nf5 Bb5 19. Qe3 Qa5+ 20. b4 Qa4 21.
Qxc5 Ba6 22. Qc3 Qb5 23. Qd3 Qxd3 24. cxd3 Bxd3 25. Nxg7 Kxg7 26. Be3 a6 27.
Rc1 Kg6 28. g4 h5 29. Rg1 hxg4 30. Rxg4+ Kh5 31. Rd1 Bc2 32. Rd7 Bb3 33. Bc5
Rc8 34. Kf2 a5 35. bxa5 Rxc5 36. Rd8 Rc2+ 37. Kg3 Rg2+ 38. Kxg2 Kh6 39. Rh8#
1-0

[Event "Championnat de la Loire Open"]
[Site "Loire"]
[Date "2004.01.10"]
[Round "2.10"]
[White "Gidon, Rene"]
[Black "Brachet, Gerard"]
[Result "1-0"]
[WhiteElo "1530"]
[BlackElo "1350"]
[PlyCount "103"]

1. e4 e5 2. Nf3 Nc6 3. Bb5 Nge7 4. O-O d6 5. c3 Be6 6. d4 a6 7. Bxc6+ Nxc6 8.
d5 Bd7 9. dxc6 Bxc6 10. Re1 Be7 11. Qc2 O-O 12. Be3 Bf6 13. Nbd2 Qd7 14. Rad1
b5 15. c4 a5 16. cxb5 Bxb5 17. Nc4 Qc6 18. b3 a4 19. Rc1 axb3 20. axb3 Ra6 21.
Nb2 Qxc2 22. Rxc2 c5 23. Nc4 Rd8 24. Rd1 Bxc4 25. bxc4 h6 26. Nd2 Rda8 27. h3
Be7 28. Rcc1 Ra3 29. Nb1 Rb3 30. Nc3 Raa3 31. Nd5 Bf8 32. Rb1 f6 33. Rxb3 Rxb3
34. Kf1 Kf7 35. Ke2 Ke6 36. Kd2 f5 37. exf5+ Kxf5 38. g4+ Ke4 39. Ke2 Rb2+ 40.
Rd2 Rxd2+ 41. Kxd2 Kf3 42. Kd3 e4+ 43. Kd2 g5 44. Nf6 Bg7 45. Nh5 Bd4 46. Bxd4
cxd4 47. Nf6 e3+ 48. fxe3 dxe3+ 49. Ke1 Kg3 50. Ke2 Kxh3 51. Kxe3 Kg3 52. Ke4
1-0